Non Ablative rejuvination of the face / (رقم التسجيلة. 10779)

تفاصيل مارك
000 -LEADER
fixed length control field 017440000a22003490004500
003 - CONTROL NUMBER IDENTIFIER
control field EG-GICUC
005 - DATE AND TIME OF LATEST TRANSACTION
control field 20250223025333.0
008 - FIXED-LENGTH DATA ELEMENTS--GENERAL INFORMATION
fixed length control field 080615s2008 ua dh f m 000 0 eng d
040 ## - CATALOGING SOURCE
Original cataloging agency EG-GICUC
Language of cataloging eng
Transcribing agency EG-GICUC
041 0# - LANGUAGE CODE
Language code of text/sound track or separate title Eng
049 ## - LOCAL HOLDINGS (OCLC)
Holding library Deposite
097 ## - Thesis Degree
Thesis Level M.Sc
099 ## - LOCAL FREE-TEXT CALL NUMBER (OCLC)
Classification number Cai01.11.10.M.Sc.2008.Ne.N
100 0# - MAIN ENTRY--PERSONAL NAME
Personal name Nevine Ahmed Hamza Dorgham
245 10 - TITLE STATEMENT
Title Non Ablative rejuvination of the face /
Statement of responsibility, etc. Nevine Ahmed Hamza Dorgham ; Supervised Medhat Abdelmoneem Elmofty , Mostafa Aboalela , Rehab Mohammed Sobhy
246 15 - VARYING FORM OF TITLE
Title proper/short title اعادة الشباب الى البشرة باستخدام الطرق اللاتبخيرية
260 ## - PUBLICATION, DISTRIBUTION, ETC.
Place of publication, distribution, etc. Cairo :
Name of publisher, distributor, etc. Nevine Ahmed Hamza Dorgham ,
Date of publication, distribution, etc. 2008
300 ## - PHYSICAL DESCRIPTION
Extent 129p. :
Other physical details Charts , facsimiles ;
Dimensions 25cm
502 ## - DISSERTATION NOTE
Dissertation note Thesis (M.Sc.) - Cairo University - Faculty Of Medicine - Department Of Dermatology and Venerology
520 ## - SUMMARY, ETC.
Summary, etc. Nonablative rejuvenation is considered one of the most recent methods of treating skin aging , it acts through inducine controlled heat injury in the dermal tissue while leaving the epidermis intact , requiring no down time.this deep heat injury provokes the process of collagen regeneration.a lot of laser devices are used new like Nd : YAG laser , pulse dye laser and diode laser , also noncoherent lights like intense pulse light and light emitting diode.
530 ## - ADDITIONAL PHYSICAL FORM AVAILABLE NOTE
Additional physical form available note Issued also as CD
653 #4 - INDEX TERM--UNCONTROLLED
Uncontrolled term Nonablative
653 #4 - INDEX TERM--UNCONTROLLED
Uncontrolled term Rejuvenation
653 #4 - INDEX TERM--UNCONTROLLED
Uncontrolled term Skin aging
700 0# - ADDED ENTRY--PERSONAL NAME
Personal name Medhat Abdelmoneem Elmofty ,
Relator term
700 0# - ADDED ENTRY--PERSONAL NAME
Personal name Mostafa Aboalela ,
Relator term
700 0# - ADDED ENTRY--PERSONAL NAME
Personal name Rehab Mohammed Sobhy ,
Relator term
856 ## - ELECTRONIC LOCATION AND ACCESS
Uniform Resource Identifier <a href="http://172.23.153.220/th.pdf">http://172.23.153.220/th.pdf</a>
905 ## - LOCAL DATA ELEMENT E, LDE (RLIN)
Cataloger Aml
Reviser Cataloger
905 ## - LOCAL DATA ELEMENT E, LDE (RLIN)
Cataloger Mustafa
Reviser Revisor
942 ## - ADDED ENTRY ELEMENTS (KOHA)
Source of classification or shelving scheme Dewey Decimal Classification
Koha item type Thesis
المقتنيات
Source of classification or shelving scheme Not for loan Home library Current library Date acquired Full call number Barcode Date last seen Koha item type Copy number
Dewey Decimal Classification   المكتبة المركزبة الجديدة - جامعة القاهرة قاعة الرسائل الجامعية - الدور الاول 11.02.2024 Cai01.11.10.M.Sc.2008.Ne.N 01010110049275000 22.09.2023 Thesis  
Dewey Decimal Classification   المكتبة المركزبة الجديدة - جامعة القاهرة مخـــزن الرســائل الجـــامعية - البدروم 11.02.2024 Cai01.11.10.M.Sc.2008.Ne.N 01020110049275000 22.09.2023 CD - Rom 49275.CD
Cairo University Libraries Portal Implemented & Customized by: Eng. M. Mohamady Contacts: new-lib@cl.cu.edu.eg | cnul@cl.cu.edu.eg
CUCL logo CNUL logo
© All rights reserved — Cairo University Libraries
CUCL logo
Implemented & Customized by: Eng. M. Mohamady Contact: new-lib@cl.cu.edu.eg © All rights reserved — New Central Library
CNUL logo
Implemented & Customized by: Eng. M. Mohamady Contact: cnul@cl.cu.edu.eg © All rights reserved — Cairo National University Library